000 00241nam a2200121Ia 4500
003 LDD
040 _cLDD
041 _aen
245 0 _aMedia Culture and Society
260 _c1 Jul-31 Dec,2006
362 _a28-28
_b04-Jun
942 _2ddc
_cJ
999 _c179337
_d179337